[Event "CHN-chT Div-B"]
[Site "Hainan"]
[Date "2023.02.07"]
[Round "3"]
[White "Jin, Yueheng"]
[Black "Fan, Huifeng"]
[Result "1/2-1/2"]
[WhiteElo "1900"]
[BlackElo "2202"]
[PlyCount "91"]
[EventDate "2023.02.06"]
[EventType "team-tourn"]
[EventRounds "9"]
[EventCountry "CHN"]
[SourceTitle "CBM 213 Extra"]
[Source "ChessBase"]
[SourceDate "2023.05.31"]
[SourceVersion "1"]
[SourceVersionDate "2023.05.31"]
[SourceQuality "1"]
[WhiteTeam "Hangzhou Intelligent Sports"]
[BlackTeam "Heilongjiang Provincial Social Sports"]
[WhiteTeamCountry "CHN"]
[BlackTeamCountry "CHN"]

1. d4 Nf6 2. c4 e6 3. g3 d5 4. Nf3 Be7 5. Bg2 0-0 6. 0-0 dxc4 7. Qc2 a6 8. a4 Bd7 9. Qxc4 Bc6 10. Bf4 Nbd7 11. Nc3 Nb6 12. Qb3 Nbd5 13. Bd2 Nxc3 14. bxc3 b5 15. axb5 axb5 16. Bf4 Bd6 17. Bg5 Ra4 18. Bxf6 gxf6 19. Nh4 Qa8 20. Qb2 f5 21. Rfd1 Bxg2 22. Nxg2 Qa5 23. Ne3 Ra8 24. Nc2 Ra2 25. Rxa2 Qxa2 26. Rb1 Qxb2 27. Rxb2 c6 28. Kf1 Kg7 29. e3 h5 30. h4 f6 31. Ke2 e5 32. d5 Rc8 33. dxc6 Rxc6 34. Kd3 Rc5 35. Rb3 Rd5+ 36. Ke2 Kf7 37. Nb4 Bxb4 38. cxb4 f4 39. gxf4 exf4 40. Rd3 Re5 41. Rd4 fxe3 42. fxe3 Ke6 43. Kf3 Rf5+ 44. Ke2 Rd5 45. Re4+ Re5 46. Rd4 1/2-1/2

[Event "Belt and Road Hunan op-B"]
[Site "Changsha"]
[Date "2019.07.31"]
[Round "5"]
[White "Gong, Qianyun"]
[Black "Fan, Huifeng"]
[Result "1-0"]
[WhiteElo "2370"]
[BlackElo "2250"]
[PlyCount "47"]
[EventDate "2019.07.29"]
[EventType "swiss"]
[EventRounds "9"]
[EventCountry "CHN"]
[SourceTitle "EXT 2020"]
[Source "ChessBase"]
[SourceDate "2019.10.17"]
[SourceVersion "1"]
[SourceVersionDate "2019.10.17"]
[SourceQuality "1"]

1. d4 Nf6 2. Nf3 d5 3. Bf4 Bf5 4. c4 e6 5. Nc3 dxc4 6. Qa4+ c6 7. Qxc4 b5 8. Qb3 a5 9. a4 b4 10. Nb1 Qd5 11. Nbd2 Qxb3 12. Nxb3 Nd5 13. Bg3 Bc2 14. Nfd2 f5 15. e3 Nb6 16. Be2 N8d7 17. 0-0 c5 18. Bb5 Kf7 19. Rfc1 Bxb3 20. Nxb3 cxd4 21. Rc7 Rd8 22. Nxd4 Be7 23. Nc6 Rc8 24. Rb7 1-0

[Event "CHN-chB"]
[Site "Hangzhou"]
[Date "2019.07.05"]
[Round "8"]
[White "Fan, Huifeng"]
[Black "Li, Shanglin B"]
[Result "1/2-1/2"]
[WhiteElo "2250"]
[BlackElo "1853"]
[PlyCount "120"]
[EventDate "2019.07.02"]
[EventType "swiss"]
[EventRounds "11"]
[EventCountry "CHN"]
[SourceTitle "CBM 191 Extra"]
[Source "ChessBase"]
[SourceDate "2019.09.30"]
[SourceVersion "1"]
[SourceVersionDate "2019.09.30"]
[SourceQuality "1"]

1. e4 c6 2. d4 d5 3. Nc3 dxe4 4. Nxe4 Nf6 5. Nxf6+ exf6 6. c3 Bd6 7. Bd3 0-0 8. Qc2 Re8+ 9. Ne2 h6 10. 0-0 Nd7 11. Bf4 Nf8 12. Bxd6 Qxd6 13. Ng3 Be6 14. Rad1 Rad8 15. f4 Bg4 16. Rd2 Bc8 17. f5 Nd7 18. Qd1 Kh8 19. Nh5 Nb6 20. Qg4 Rg8 21. Rf3 Qf8 22. Qh4 Re8 23. Rh3 Nd5 24. c4 Ne7 25. Rf2 Nxf5 26. Rxf5 Bxf5 27. Bxf5 Qb4 28. Bd3 Qe1+ 29. Qxe1 Rxe1+ 30. Kf2 Ra1 31. Bc2 Rd8 32. Ra3 a6 33. Ke3 Re1+ 34. Kd2 Rh1 35. Rg3 g6 36. Nxf6 Rxd4+ 37. Kc3 Rf4 38. Ng4 h5 39. Ne5 Rxh2 40. Bxg6 h4 41. Rg5 Kg7 42. Be4+ Kf6 43. Rf5+ Rxf5 44. Ng4+ Kg5 45. Nxh2 Rf4 46. Bf3 Rf6 47. Kd3 Re6 48. Ng4 f5 49. Nf2 Kf4 50. Nh3+ Ke5 51. Ke3 Rd6 52. Nf4 Kf6 53. a4 a5 54. Nd3 Re6+ 55. Kd4 Rd6+ 56. Kc3 Rd7 57. Nc5 Re7 58. b4 axb4+ 59. Kxb4 Ke5 60. a5 Kd6 1/2-1/2

[Event "CHN-chB"]
[Site "Hangzhou"]
[Date "2019.07.05"]
[Round "7"]
[White "Zhu, Hengyi"]
[Black "Fan, Huifeng"]
[Result "1-0"]
[WhiteElo "2015"]
[BlackElo "2250"]
[PlyCount "111"]
[EventDate "2019.07.02"]
[EventType "swiss"]
[EventRounds "11"]
[EventCountry "CHN"]
[SourceTitle "CBM 191 Extra"]
[Source "ChessBase"]
[SourceDate "2019.09.30"]
[SourceVersion "1"]
[SourceVersionDate "2019.09.30"]
[SourceQuality "1"]

1. e4 c5 2. Nf3 e6 3. c3 Nf6 4. e5 Nd5 5. d4 cxd4 6. cxd4 d6 7. Bc4 Be7 8. 0-0 0-0 9. Qe2 Nc6 10. Qe4 Bd7 11. Bd3 f5 12. exf6 Nxf6 13. Qe2 Qe8 14. Nc3 Qh5 15. h3 Rae8 16. Re1 Kh8 17. Bc4 Nd5 18. Be3 Nxe3 19. fxe3 e5 20. Bd5 exd4 21. Nxd4 Qg6 22. Be4 Qg3 23. Rf1 d5 24. Rf3 Qe5 25. Bxd5 Bd6 26. Rxf8+ Rxf8 27. Nf3 Qg3 28. Ne4 Qg6 29. Nh4 Qh6 30. Nxd6 Qxd6 31. e4 g5 32. Nf3 g4 33. Ng5 Qc5+ 34. Kh1 Rf2 35. Nf7+ Kg7 36. Qd1 Qe3 37. Qc1 Qxc1+ 38. Rxc1 Rxf7 39. Bxf7 Kxf7 40. hxg4 Bxg4 41. Kh2 Kf6 42. Kg3 Be6 43. a3 Ke5 44. Rh1 Bg8 45. Kf3 Nd4+ 46. Ke3 Ne6 47. b4 Ng5 48. Rh5 Kf6 49. Rh6+ Ke7 50. Rh5 Ne6 51. Rh1 Nf8 52. Rc1 Kd7 53. Kf4 Bf7 54. Ke5 Bg6 55. Rc4 Ne6 56. Kf6 1-0

[Event "Wch U20 55th"]
[Site "Bhubaneswar"]
[Date "2016.08.13"]
[Round "6"]
[White "Fan, Huifeng"]
[Black "Basso, Pier Luigi"]
[Result "1/2-1/2"]
[WhiteElo "2223"]
[BlackElo "2455"]
[PlyCount "104"]
[EventDate "2016.08.08"]
[EventType "swiss"]
[EventRounds "13"]
[EventCountry "IND"]
[SourceTitle "CBM 173 Extra"]
[Source "ChessBase"]
[SourceDate "2016.08.29"]
[SourceVersion "1"]
[SourceVersionDate "2016.08.29"]
[SourceQuality "1"]

1. e4 e5 2. Nf3 Nc6 3. Bb5 Nf6 4. 0-0 Nxe4 5. Re1 Nd6 6. Nxe5 Be7 7. Bf1 Nf5 8. c3 Nxe5 9. Rxe5 d6 10. Re1 0-0 11. d4 d5 12. Nd2 Bd6 13. Nf3 c6 14. Bd3 f6 15. a4 a5 16. b3 g6 17. Ba3 Qc7 18. Bxd6 Nxd6 19. c4 dxc4 20. bxc4 c5 21. d5 Bd7 22. Qc2 Bg4 23. Nd2 Bf5 24. Bxf5 Nxf5 25. Ne4 Nd4 26. Qb2 b6 27. Rab1 Rab8 28. Nc3 Rfe8 29. Nb5 Qf4 30. Nxd4 cxd4 31. g3 Qg4 32. Qd2 Kf7 33. Rxe8 Rxe8 34. Rxb6 Qe4 35. Rb7+ Re7 36. f3 Qe5 37. Rxe7+ Qxe7 38. Qxd4 Qe1+ 39. Kg2 Qe2+ 40. Kh3 Qf1+ 41. Kg4 h5+ 42. Kf4 g5+ 43. Ke3 Qe1+ 44. Kd3 Qd1+ 45. Kc3 Qa1+ 46. Kd3 Qd1+ 47. Kc3 Qa1+ 48. Kd3 Qd1+ 49. Kc3 Qa1+ 50. Kd3 Qd1+ 51. Kc3 Qa1+ 52. Kd3 Qd1+ 1/2-1/2

[Event "CHN-chB"]
[Site "Harbin"]
[Date "2016.07.18"]
[Round "4"]
[White "Fan, Huifeng"]
[Black "Liu, Guanchu"]
[Result "0-1"]
[WhiteElo "2301"]
[BlackElo "2366"]
[PlyCount "92"]
[EventDate "2016.07.17"]
[EventType "swiss"]
[EventRounds "11"]
[EventCountry "CHN"]
[SourceTitle "CBM 173 Extra"]
[Source "ChessBase"]
[SourceDate "2016.08.29"]
[SourceVersion "1"]
[SourceVersionDate "2016.08.29"]
[SourceQuality "1"]

1. e4 e6 2. d4 d5 3. Nd2 Nf6 4. e5 Nfd7 5. Bd3 c5 6. c3 b6 7. Nh3 Ba6 8. Bxa6 Nxa6 9. Qg4 Nc7 10. 0-0 g6 11. Nf3 h6 12. Nf4 c4 13. h4 b5 14. b3 a5 15. Nh3 Be7 16. Bd2 Ra6 17. bxc4 dxc4 18. h5 g5 19. Nh2 Nxe5 20. Qg3 Nd3 21. f4 Qd6 22. Qf3 Qd5 23. fxg5 Qxf3 24. Nxf3 hxg5 25. Nfxg5 f5 26. Nf3 Nd5 27. Ne1 Nxe1 28. Raxe1 Rxh5 29. Nf4 Nxf4 30. Bxf4 b4 31. d5 Kd7 32. g3 exd5 33. Re5 Bc5+ 34. Kg2 Re6 35. Rxd5+ Kc6 36. Rd8 Re2+ 37. Kf3 Rhh2 38. g4 fxg4+ 39. Kxg4 Rhg2+ 40. Kf5 Rgf2 41. Rc8+ Kb5 42. a4+ bxa3 43. Rb1+ Rb2 44. Rd1 a2 45. Ke5 Rxf4 46. Kxf4 Rb1 0-1

[Event "Shenzhen zt 3.5"]
[Site "Shenzhen"]
[Date "2016.07.03"]
[Round "8"]
[White "Fan, Huifeng"]
[Black "Wang, Shiwu"]
[Result "1-0"]
[WhiteElo "2301"]
[BlackElo "2013"]
[PlyCount "79"]
[EventDate "2016.06.26"]
[EventType "swiss"]
[EventRounds "11"]
[EventCountry "CHN"]
[SourceTitle "CBM 173 Extra"]
[Source "ChessBase"]
[SourceDate "2016.08.29"]
[SourceVersion "1"]
[SourceVersionDate "2016.08.29"]
[SourceQuality "1"]

1. e4 c5 2. Nf3 e6 3. d4 cxd4 4. Nxd4 Nf6 5. Nc3 Nc6 6. Nxc6 bxc6 7. e5 Nd5 8. Ne4 Qc7 9. f4 Qb6 10. c4 Bb4+ 11. Ke2 f5 12. Nf2 Ba6 13. Kf3 Nc7 14. Be3 Qb7 15. Rc1 Be7 16. Nd3 c5+ 17. Kg3 Qe4 18. Qf3 Bxc4 19. Qxe4 fxe4 20. Rxc4 exd3 21. Bxd3 Nd5 22. Bxc5 Nb6 23. Rc2 Bxc5 24. Rxc5 0-0 25. Be4 Rab8 26. b3 Rf7 27. Rd1 Rbf8 28. Rd4 g6 29. Bf3 g5 30. fxg5 Rf5 31. h4 d5 32. Rc7 R8f7 33. Rxf7 Kxf7 34. Rf4 Rxf4 35. Kxf4 Nd7 36. b4 Nb6 37. Ke3 Nc4+ 38. Kd4 Nb6 39. Be2 Ke7 40. Bd3 1-0

[Event "Shenzhen zt 3.5"]
[Site "Shenzhen"]
[Date "2016.06.30"]
[Round "5"]
[White "Fan, Huifeng"]
[Black "Chu, Wei Chao"]
[Result "0-1"]
[WhiteElo "2301"]
[BlackElo "2329"]
[PlyCount "110"]
[EventDate "2016.06.26"]
[EventType "swiss"]
[EventRounds "11"]
[EventCountry "CHN"]
[SourceTitle "CBM 173 Extra"]
[Source "ChessBase"]
[SourceDate "2016.08.29"]
[SourceVersion "1"]
[SourceVersionDate "2016.08.29"]
[SourceQuality "1"]

1. e4 c5 2. Nf3 d6 3. Bb5+ Bd7 4. Bxd7+ Qxd7 5. c4 Nc6 6. d4 cxd4 7. Nxd4 Nf6 8. Nc3 g6 9. b3 Bg7 10. Bb2 0-0 11. 0-0 Rfc8 12. Qd2 a6 13. a4 Qd8 14. Nde2 Qb6 15. Qc2 Na5 16. Nc1 e6 17. Rd1 Nd7 18. Rb1 Nc5 19. Ba1 Nc6 20. b4 Nxb4 21. Qb2 Nxe4 22. Nd5 Bxb2 23. Nxb6 Bxa1 24. Rxa1 Nc3 25. Rd2 Rab8 26. Nxc8 Rxc8 27. Nb3 Rxc4 28. Rxd6 Nc2 29. Rf1 Rxa4 30. Rd2 Rb4 31. Nc5 Nd4 32. Re1 a5 33. Nd3 Rb5 34. f4 Rd5 35. Kf1 Nb3 36. Rb2 a4 37. Nc1 Nd2+ 38. Kf2 b5 39. Rb4 Nc4 40. Ne2 Na2 41. Rbb1 b4 42. Nc1 Nd2 43. Nxa2 Nxb1 44. Rxb1 Rd2+ 45. Kf3 Rxa2 46. Rxb4 h5 47. h3 a3 48. Ra4 Kg7 49. Kg3 Ra1 50. Kh4 a2 51. Kg3 Kh7 52. Ra7 Kg8 53. Ra4 Kg7 54. Ra8 f6 55. Ra7+ Kh6 0-1

[Event "Zhongfu op 1st"]
[Site "Shijiazhuang"]
[Date "2015.08.14"]
[Round "7"]
[White "Fan, Huifeng"]
[Black "Liu, Yan"]
[Result "1-0"]
[WhiteElo "2129"]
[BlackElo "2429"]
[PlyCount "87"]
[EventDate "2015.08.08"]
[EventType "swiss"]
[EventRounds "9"]
[EventCountry "CHN"]
[SourceTitle "CBM 167 Extra"]
[Source "ChessBase"]
[SourceDate "2015.09.14"]
[SourceVersion "1"]
[SourceVersionDate "2015.09.14"]
[SourceQuality "1"]

1. e4 c5 2. Nf3 d6 3. d4 cxd4 4. Nxd4 Nf6 5. Nc3 a6 6. h3 e5 7. Nde2 Be7 8. g4 Be6 9. Bg2 Nc6 10. Ng3 g6 11. Bh6 Rc8 12. Nd5 Bxd5 13. exd5 Na5 14. 0-0 Qc7 15. b3 b5 16. f4 Nd7 17. Ne4 Nb7 18. fxe5 dxe5 19. Qf3 f6 20. Bg7 Rg8 21. Nxf6+ Bxf6 22. Bxf6 Rf8 23. g5 Nxf6 24. gxf6 Kf7 25. Qg4 Kg8 26. Qe6+ Kh8 27. f7 Qd6 28. Rf6 Rcd8 29. Re1 Kg7 30. Rxe5 Qxe6 31. Rexe6 Nc5 32. Rc6 Nd7 33. Rfd6 Rxf7 34. Rxa6 Rc8 35. Rdc6 Re8 36. Re6 Rc8 37. Rac6 Ra8 38. d6 Rxa2 39. Rc7 Nf6 40. Ree7 Rxe7 41. dxe7 Kh6 42. Rc6 Ne8 43. Rc8 Nf6 44. Rf8 1-0

[Event "Beijing zt 3.5"]
[Site "Beijing"]
[Date "2012.09.18"]
[Round "8"]
[White "Lan, Zilun"]
[Black "Fan, Huifeng"]
[Result "1-0"]
[WhiteElo "2185"]
[BlackElo "2062"]
[PlyCount "117"]
[EventDate "2012.09.15"]
[EventType "swiss"]
[EventRounds "11"]
[EventCountry "CHN"]
[SourceTitle "EXT 2013"]
[Source "ChessBase"]
[SourceDate "2012.11.22"]
[SourceVersion "1"]
[SourceVersionDate "2012.11.22"]
[SourceQuality "1"]

1. d4 Nf6 2. Bg5 d5 3. e3 c5 4. c3 e6 5. Bd3 Nc6 6. f4 Bd6 7. Nf3 cxd4 8. Bxf6 gxf6 9. cxd4 Qb6 10. Qd2 Bd7 11. Nc3 f5 12. 0-0 f6 13. Rac1 0-0 14. Nh4 Rf7 15. Qe2 Rg7 16. Kh1 Kh8 17. Rf3 Rag8 18. Rh3 Nb4 19. Bb1 Qd8 20. Rg1 Be8 21. Nf3 Nc6 22. Ne1 Qe7 23. Nd3 Bf7 24. Nf2 Bg6 25. Qf3 Qf7 26. Rh6 e5 27. Ne2 Qe6 28. a3 Re8 29. Nd1 exd4 30. Nxd4 Nxd4 31. exd4 Qe2 32. Qxd5 Bxf4 33. Rh3 Qd2 34. Rd3 Qe1 35. Rf3 Qd2 36. Rf2 Qc1 37. Bxf5 Bh5 38. Bd7 Rg5 39. Qb3 Re7 40. Ba4 b5 41. Qb4 Qc7 42. Rxf4 Qxf4 43. Qxe7 bxa4 44. Qe3 Qxe3 45. Nxe3 Rb5 46. g4 Bg6 47. Rd1 Rb3 48. Nf5 h5 49. d5 hxg4 50. Ne7 Be4+ 51. Kg1 Rxb2 52. d6 Rg2+ 53. Kf1 Rxh2 54. Rd4 g3 55. Rxe4 Rd2 56. Nf5 Kh7 57. Rd4 Rf2+ 58. Kg1 Rxf5 59. d7 1-0

[Event "Beijing zt 3.5"]
[Site "Beijing"]
[Date "2012.09.16"]
[Round "4"]
[White "Gao, Rui"]
[Black "Fan, Huifeng"]
[Result "1-0"]
[WhiteElo "2442"]
[BlackElo "2062"]
[PlyCount "85"]
[EventDate "2012.09.15"]
[EventType "swiss"]
[EventRounds "11"]
[EventCountry "CHN"]
[SourceTitle "EXT 2013"]
[Source "ChessBase"]
[SourceDate "2012.11.22"]
[SourceVersion "1"]
[SourceVersionDate "2012.11.22"]
[SourceQuality "1"]

1. e4 c5 2. Nf3 e6 3. d4 cxd4 4. Nxd4 a6 5. Nc3 b5 6. Bd3 Qb6 7. Nf3 Qc7 8. 0-0 Bb7 9. Re1 Be7 10. e5 f5 11. Nh4 g6 12. Nf3 Nc6 13. a4 b4 14. Nb1 Bc5 15. Nbd2 Na5 16. Nb3 Nxb3 17. cxb3 h6 18. Be3 Bxe3 19. Rxe3 Ne7 20. Nd2 Nd5 21. Re1 Nf4 22. Bf1 Qc6 23. f3 Qb6+ 24. Kh1 Qf2 25. Rc1 0-0 26. Rc2 Qd4 27. Rc4 Qxb2 28. Rxf4 Bd5 29. Nc4 Qf2 30. Rd4 f4 31. Qd2 Qxd2 32. Rxd2 Rab8 33. Rd4 g5 34. Nd2 Rfc8 35. Bc4 Rc5 36. Ne4 Bxe4 37. Rexe4 Rb7 38. Rd6 a5 39. g3 fxg3 40. hxg3 Kg7 41. Kg2 Ra7 42. f4 g4 43. Red4 1-0

[Event "Beijing zt 3.5"]
[Site "Beijing"]
[Date "2012.09.15"]
[Round "2"]
[White "Fan, Huifeng"]
[Black "Liu, Guanchu"]
[Result "1/2-1/2"]
[WhiteElo "2062"]
[BlackElo "2232"]
[PlyCount "104"]
[EventDate "2012.09.15"]
[EventType "swiss"]
[EventRounds "11"]
[EventCountry "CHN"]
[SourceTitle "EXT 2013"]
[Source "ChessBase"]
[SourceDate "2012.11.22"]
[SourceVersion "1"]
[SourceVersionDate "2012.11.22"]
[SourceQuality "1"]

1. e4 e6 2. d4 d5 3. Nc3 Bb4 4. e5 b6 5. a3 Bxc3+ 6. bxc3 Ne7 7. Qg4 Ng6 8. h4 h5 9. Qg3 Ba6 10. Bxa6 Nxa6 11. Bg5 Qd7 12. Qd3 Qa4 13. Ne2 Nf8 14. Ng3 g6 15. 0-0 Rc8 16. Rae1 Kd7 17. Qf3 Rh7 18. Qd3 Kc6 19. Be7 Kb7 20. c4 Qxc4 21. Qxc4 dxc4 22. Ne4 Re8 23. Bf6 Nd7 24. Ng5 Nxf6 25. exf6 Rhh8 26. Nxf7 Rhf8 27. Ng5 Rxf6 28. Re4 c6 29. Re5 Rf5 30. Rxe6 Rxe6 31. Nxe6 Ra5 32. Nf4 Rxa3 33. Nxg6 b5 34. f4 Nc7 35. f5 Nd5 36. f6 Nxf6 37. Rxf6 a5 38. Ne5 Ra2 39. c3 b4 40. cxb4 axb4 41. Nxc4 Rc2 42. Na5+ Kb6 43. Nb3 Rb2 44. Rf3 Kb5 45. g4 hxg4 46. Rg3 Kc4 47. h5 Rb1+ 48. Kf2 Rb2+ 49. Ke1 Rh2 50. Nd2+ Kxd4 51. Rxg4+ Kd3 52. Rxb4 Re2+ 1/2-1/2